Coupe de france 2017 - 2018 : Le parcours des Herbiers - Statistiques

Statistiques générales
  • Ce quiz a été pris 11 fois
  • Le résultat moyen est 3 sur 10
Statistiques - réponses
Tour Division de l'équipe adverse Équipe % Correct
Finale Ligue 1 Paris Saint Germain
100%
Demi finale National FC Chambly Oise
60%
Quart de finale Ligue 2 RC Lens
40%
8ème de finale Ligue 2 AJ Auxerre
30%
32ème de finale National 3 Angoulême Charente FC
10%
16ème de finale National 3 FC Saint-Lô Manche
10%
7ème tour National 3 Balma SC
0%
5ème tour Régional 1 JS Coulaines
0%
8ème tour National 2 SO Romorantin
0%
6ème tour National 3 Voltigeurs de Châteaubriand
0%
Aucun quiz correspondant
Distribution des résultats
% des personnes avec chaque résultat
Percentile par nombre de réponses
Votre historique - résultats
Vous n’avez pas pris ce quiz